00692nam a2200193 a 450000100100000000500170001000800410002702000180006804000250008608200190011110000380013024500420016826000340021030000210024450000700026558600290033595201170036499900170048100004138220201002034835.0131001s2012 mx 000 0 spa d a9786071118738 aDO-SdBNPbspacBNPHU axxxxxxbxxxxxx1 aBrizuela, Leopoldo,d1963-96803310aUna misma noche /cLeopoldo Brizuela. aMéxico :bAlfaguara,c2012. a276 p. ;c24 cm. aIncluye datos biografícos del autor en la solapa de la cubierta aAlfaguara de novela 2012 001050718MOaGRbGRcHDd2013-10-01iLF1l0oxxxxxx xxxxxxp41382-10r2020-06-25w2020-06-25y1ZNo se presta c40872d40872